Listen, the drum! (Record no. 3565)
[ view plain ]
| 000 -LEADER | |
|---|---|
| fixed length control field | 01545nam a22001937a 4500 |
| 001 - CONTROL NUMBER | |
| control field | 3565 |
| 003 - CONTROL NUMBER IDENTIFIER | |
| control field | FISKH |
| 005 - DATE AND TIME OF LATEST TRANSACTION | |
| control field | 20251016110802.0 |
| 008 - FIXED-LENGTH DATA ELEMENTS--GENERAL INFORMATION | |
| fixed length control field | 240320b cb ||||| |||| 00| 0 eng d |
| 040 ## - CATALOGING SOURCE | |
| Original cataloging agency | FISKH |
| Language of cataloging | eng |
| Transcribing agency | FISKH |
| Modifying agency | FISKH |
| 050 ## - LIBRARY OF CONGRESS CALL NUMBER | |
| Classification number | PZ7.A4637 |
| 082 ## - DEWEY DECIMAL CLASSIFICATION NUMBER | |
| Classification number | 813.54 |
| 100 ## - MAIN ENTRY--PERSONAL NAME | |
| Personal name | Alter, Robert Edmond |
| 245 ## - TITLE STATEMENT | |
| Title | Listen, the drum! |
| Remainder of title | A novel of Washington's first command |
| Statement of responsibility, etc. | By Robert Edmond Alter |
| 260 ## - PUBLICATION, DISTRIBUTION, ETC. | |
| Place of publication, distribution, etc. | New York : |
| Name of publisher, distributor, etc. | G.P. Putnam's Sons, |
| Date of publication, distribution, etc. | 1963 |
| 300 ## - PHYSICAL DESCRIPTION | |
| Extent | 189 pages : |
| Dimensions | 21 cm. |
| 520 ## - SUMMARY, ETC. | |
| Summary, etc. | Matt Burnett joins the militia when he hears of pending French and Indian attacks upon colonial settlers. He immediately finds himself regarded as a hero and at the same time a spy-suspect, both situations arising from a series of incidents involving the young Major George Washington. Matt and Chief, his elderly Indian accomplice, begin their adventure by foiling an ambush of Washington. Shortly afterward, Matt is part of the young Washington's first military command. The colonial militia, augmented by British regulars, sets out to intercept a French and Indian invasion. Washington is beset by the resentment of regular British officers at being subordinate to a colonist. He is also hampered by the lack of discipline in his militia, and by the nagging doubt about whether one of the colonials in his command is practicing treachery. The climax comes when the young colonel, abandoned by the British and outnumbered by the enemy, decides to erect a primitive defense which history remembers as Fort Necessity. |
| 942 ## - ADDED ENTRY ELEMENTS (KOHA) | |
| Source of classification or shelving scheme | Dewey Decimal Classification |
| Koha item type | Books |
| Suppress in OPAC | No |
| Withdrawn status | Lost status | Source of classification or shelving scheme | Damaged status | Not for loan | Collection | Home library | Current library | Shelving location | Date acquired | Total Checkouts | Full call number | Barcode | Date last seen | Copy number | Price effective from | Koha item type |
|---|---|---|---|---|---|---|---|---|---|---|---|---|---|---|---|---|
| Library of Congress Classification | Fiction | Footprints International School Library Network Toul Kork Campus | Footprints International School Library Network Toul Kork Campus | A TK Campus, 4th Floor, Room B401, Fiction Bookcases (1-6) | 03/20/2024 | ALT 813.54 PZ7.A4637 | 2024-0370 | 03/20/2024 | 1 | 03/20/2024 | Books |
